000
00255nam a2200109Ia 4500
008
231212s1953 xx 000 0 und d
041
_a
eng
082
_a
621.384
100
_a
Rao G.V.
245
_a
Microprocessors and
260
_a
New York
_b
Mir Pub
_c
1953
999
_c
958372
_d
958372